Jingle bells : (Record no. 2452)
[ view plain ]
| 000 -LEADER | |
|---|---|
| fixed length control field | 01352cam a22003497a 4500 |
| 001 - CONTROL NUMBER | |
| control field | 2452 |
| 003 - CONTROL NUMBER IDENTIFIER | |
| control field | FISKH |
| 005 - DATE AND TIME OF LATEST TRANSACTION | |
| control field | 20240105085624.0 |
| 008 - FIXED-LENGTH DATA ELEMENTS--GENERAL INFORMATION | |
| fixed length control field | 920928s1990 nyua j 000 0 eng d |
| 010 ## - LIBRARY OF CONGRESS CONTROL NUMBER | |
| LC control number | 90161659 |
| 020 ## - INTERNATIONAL STANDARD BOOK NUMBER | |
| International Standard Book Number | 0689714319 |
| 020 ## - INTERNATIONAL STANDARD BOOK NUMBER | |
| International Standard Book Number | 9780689714313 |
| 035 ## - SYSTEM CONTROL NUMBER | |
| System control number | (OCoLC)24357977 |
| 040 ## - CATALOGING SOURCE | |
| Original cataloging agency | DOV |
| Transcribing agency | DOV |
| Modifying agency | DLC |
| Language of cataloging | eng |
| 042 ## - AUTHENTICATION CODE | |
| Authentication code | lccopycat |
| 050 00 - LIBRARY OF CONGRESS CALL NUMBER | |
| Classification number | PZ8.H11935 |
| 082 ## - DEWEY DECIMAL CLASSIFICATION NUMBER | |
| Classification number | 783.65 |
| 100 1# - MAIN ENTRY--PERSONAL NAME | |
| Personal name | Ewing, Carolyn S. |
| 245 10 - TITLE STATEMENT | |
| Title | Jingle bells : |
| Remainder of title | a holiday book with lights and music / |
| Statement of responsibility, etc. | illustrated by Carolyn Ewing ; design by Jon Z. Haber ; paper engineering by Rodger Smith. |
| 260 ## - PUBLICATION, DISTRIBUTION, ETC. | |
| Place of publication, distribution, etc. | New York : |
| Name of publisher, distributor, etc. | Aladdin Books, |
| Date of publication, distribution, etc. | 1990. |
| 300 ## - PHYSICAL DESCRIPTION | |
| Extent | 10 unnumbered pages : |
| Other physical details | color illustrations ; |
| Dimensions | 18 x 21 cm |
| 500 ## - GENERAL NOTE | |
| General note | Aladdin books. |
| 500 ## - GENERAL NOTE | |
| General note | Includes pop-up picture, flickering light, and a melody that plays with the pull of a tab in the book. |
| 505 ## - FORMATTED CONTENTS NOTE | |
| Formatted contents note | C<br/> |
| 520 ## - SUMMARY, ETC. | |
| Summary, etc. | Charming illustrations, an actual twinkling star atop a Christmas tree and everyone's favorite sing-along holiday tune are sure to warm the hearts of family and friends this Christmas season.<br/> |
| 521 8# - TARGET AUDIENCE NOTE | |
| Target audience note | 200<br/> |
| Source | Lexile<br/> |
| 521 8# - TARGET AUDIENCE NOTE | |
| Target audience note | C<br/> |
| Source | Raz-Plus<br/> |
| 650 #0 - SUBJECT ADDED ENTRY--TOPICAL TERM | |
| Topical term or geographic name entry element | Christmas music |
| Form subdivision | Juvenile literature. |
| 650 #0 - SUBJECT ADDED ENTRY--TOPICAL TERM | |
| Topical term or geographic name entry element | Toy and movable books |
| Form subdivision | Specimens. |
| 906 ## - LOCAL DATA ELEMENT F, LDF (RLIN) | |
| a | 7 |
| b | cbc |
| c | copycat |
| d | 4 |
| e | ncip |
| f | 19 |
| g | y-gencatlg |
| 942 ## - ADDED ENTRY ELEMENTS (KOHA) | |
| Source of classification or shelving scheme | Dewey Decimal Classification |
| Koha item type | Books |
| Suppress in OPAC | No |
| Withdrawn status | Lost status | Source of classification or shelving scheme | Damaged status | Not for loan | Collection | Home library | Current library | Shelving location | Date acquired | Total Checkouts | Full call number | Barcode | Date last seen | Price effective from | Koha item type |
|---|---|---|---|---|---|---|---|---|---|---|---|---|---|---|---|
| Dewey Decimal Classification | Juvenile Fiction | Footprints International School Library Network Toul Kork Campus | Footprints International School Library Network Toul Kork Campus | TK Primary Library Room(4th Floor), Bookcase 7, Shelves 57-60, Dark Green Books | 12/08/2023 | EWI 783.65 PZ8.H11935 | FISBK057034 | 12/08/2023 | 12/08/2023 | Books |
